| 000 | 00436nam a22001817a 4500 | ||
|---|---|---|---|
| 005 | 20230523135816.0 | ||
| 008 | 230523b |||||||| |||| 00| 0 eng d | ||
| 020 | _a9788126540464 | ||
| 082 |
_a670 _bBLA-D |
||
| 100 | _aBlack;J.T | ||
| 245 | _aDeGramo's Materials and Processes in Manufacturing | ||
| 250 | _a11.ed | ||
| 260 |
_aIndia _bWiley _c2015 |
||
| 300 | _a115 | ||
| 650 | _aEnginneing | ||
| 700 | _aJ,T.Black | ||
| 999 |
_c18402 _d18402 |
||